[Event "ABC 2025 Groep C"]
[Site "Utrecht"]
[Date "2025.03.16"]
[Round "5.5"]
[White "Xu, Alex Z"]
[Black "Botter, Simon"]
[Result "1/2-1/2"]
[WhiteFideId "8883292"]
[BlackFideId "8969279"]
[WhiteElo "1920"]
[BlackElo "1769"]

1. e4 {[%clk 00:55:04]} {[%emt 00:00:15]} c5 {[%clk 00:55:15]} {[%emt
00:00:04]} 2. Nf3 {[%clk 00:55:01]} {[%emt 00:00:14]} Nc6 {[%clk 00:55:20]}
{[%emt 00:00:05]} 3. d4 {[%clk 00:55:07]} {[%emt 00:00:03]} cxd4 {[%clk
00:55:25]} {[%emt 00:00:06]} 4. Nxd4 {[%clk 00:55:10]} {[%emt 00:00:07]} Nf6
{[%clk 00:55:30]} {[%emt 00:00:05]} 5. Nc3 {[%clk 00:55:14]} {[%emt 00:00:06]}
e5 {[%clk 00:55:34]} {[%emt 00:00:05]} 6. Ndb5 {[%clk 00:55:21]} {[%emt
00:00:03]} d6 {[%clk 00:55:38]} {[%emt 00:00:07]} 7. Nd5 {[%clk 00:55:24]}
{[%emt 00:00:08]} Nxd5 {[%clk 00:55:41]} {[%emt 00:00:06]} 8. exd5 {[%clk
00:55:29]} {[%emt 00:00:05]} Nb8 {[%clk 00:55:28]} {[%emt 00:00:23]} 9. c4
{[%clk 00:55:28]} {[%emt 00:00:12]} Be7 {[%clk 00:55:31]} {[%emt 00:00:06]} 10.
Bd3 {[%clk 00:54:44]} {[%emt 00:00:54]} O-O {[%clk 00:54:57]} {[%emt 00:00:43]}
11. O-O {[%clk 00:54:41]} {[%emt 00:00:14]} a6 {[%clk 00:54:55]} {[%emt
00:00:13]} 12. Nc3 {[%clk 00:54:36]} {[%emt 00:00:14]} f5 {[%clk 00:53:05]}
{[%emt 00:02:00]} 13. Be3 {[%clk 00:49:56]} {[%emt 00:04:50]} Nd7 {[%clk
00:50:34]} {[%emt 00:02:41]} 14. f4 {[%clk 00:46:17]} {[%emt 00:03:49]} Rb8
{[%clk 00:46:31]} {[%emt 00:04:12]} 15. a4 {[%clk 00:43:09]} {[%emt 00:03:19]}
a5 {[%clk 00:42:58]} {[%emt 00:03:43]} 16. Nb5 {[%clk 00:40:21]} {[%emt
00:02:58]} g6 {[%clk 00:37:27]} {[%emt 00:05:41]} 17. Rc1 {[%clk 00:35:28]}
{[%emt 00:05:03]} b6 {[%clk 00:34:48]} {[%emt 00:02:49]} 18. Qe2 {[%clk
00:29:41]} {[%emt 00:05:57]} Nc5 {[%clk 00:29:45]} {[%emt 00:05:14]} 19. Bxc5
{[%clk 00:27:52]} {[%emt 00:01:58]} bxc5 {[%clk 00:29:31]} {[%emt 00:00:24]} 20.
fxe5 {[%clk 00:27:18]} {[%emt 00:00:45]} dxe5 {[%clk 00:26:27]} {[%emt
00:03:14]} 21. Qxe5 {[%clk 00:26:03]} {[%emt 00:01:24]} Rxb5 {[%clk 00:24:30]}
{[%emt 00:02:08]} 22. axb5 {[%clk 00:23:47]} {[%emt 00:02:26]} Bd6 {[%clk
00:23:25]} {[%emt 00:01:15]} 23. Qe2 {[%clk 00:20:20]} {[%emt 00:03:36]} Re8
{[%clk 00:22:32]} {[%emt 00:01:03]} 24. Qf2 {[%clk 00:18:43]} {[%emt 00:01:47]}
Qc7 {[%clk 00:20:59]} {[%emt 00:01:43]} 25. g3 {[%clk 00:16:43]} {[%emt
00:02:10]} Be5 {[%clk 00:20:02]} {[%emt 00:01:07]} 26. Kh1 {[%clk 00:14:36]}
{[%emt 00:02:16]} Bd4 {[%clk 00:17:06]} {[%emt 00:03:07]} 27. Qf4 {[%clk
00:12:44]} {[%emt 00:02:02]} Qe7 {[%clk 00:11:56]} {[%emt 00:05:19]} 28. Rce1
{[%clk 00:10:32]} {[%emt 00:02:23]} Qxe1 {[%clk 00:10:27]} {[%emt 00:01:40]} 29.
Rxe1 {[%clk 00:10:39]} {[%emt 00:00:03]} Rxe1+ {[%clk 00:10:31]} {[%emt
00:00:05]} 30. Kg2 {[%clk 00:10:42]} {[%emt 00:00:07]} Re8 {[%clk 00:07:55]}
{[%emt 00:02:45]} 31. Qc7 {[%clk 00:10:16]} {[%emt 00:00:36]} f4 {[%clk
00:06:24]} {[%emt 00:01:42]} 32. d6 {[%clk 00:09:05]} {[%emt 00:01:22]} f3+
{[%clk 00:05:48]} {[%emt 00:00:46]} 33. Kxf3 {[%clk 00:08:31]} {[%emt
00:00:43]} Rf8+ {[%clk 00:05:32]} {[%emt 00:00:26]} 34. Ke4 {[%clk 00:07:28]}
{[%emt 00:01:10]} Bf5+ {[%clk 00:04:33]} {[%emt 00:01:12]} 35. Kd5 {[%clk
00:06:39]} {[%emt 00:01:00]} Bxd3 {[%clk 00:04:34]} {[%emt 00:00:09]} 36. d7
{[%clk 00:06:03]} {[%emt 00:00:46]} Bf6 {[%clk 00:04:06]} {[%emt 00:00:37]} 37.
Kxc5 {[%clk 00:03:51]} {[%emt 00:02:22]} Bg5 {[%clk 00:01:51]} {[%emt
00:02:25]} 38. Kd4 {[%clk 00:02:05]} {[%emt 00:01:57]} Bd8 {[%clk 00:01:29]}
{[%emt 00:00:32]} 39. Qc8 {[%clk 00:01:26]} {[%emt 00:00:49]} Bf5 {[%clk
00:01:27]} {[%emt 00:00:11]} 40. Qc5 {[%clk 00:00:56]} {[%emt 00:00:40]} Bf6+
{[%clk 00:01:28]} {[%emt 00:00:09]} 41. Ke3 {[%clk 00:00:58]} {[%emt 00:00:09]}
Bg5+ {[%clk 00:01:29]} {[%emt 00:00:08]} 42. Kd4 {[%clk 00:00:50]} {[%emt
00:00:18]} Bf6+ {[%clk 00:01:21]} {[%emt 00:00:19]} 43. Ke3 {[%clk 00:00:53]}
{[%emt 00:00:07]} 1/2-1/2

[Event "ABC 2025 Groep C"]
[Site "Utrecht"]
[Date "2025.03.16"]
[Round "5.6"]
[White "Londhe, Svar"]
[Black "Margaryan, Aren"]
[Result "0-1"]
[WhiteFideId "9070292"]
[BlackFideId "8994645"]
[WhiteElo "1673"]
[BlackElo "1889"]

1. e4 {[%clk 00:55:18]} {[%emt 00:00:01]} e5 {[%clk 00:55:13]} {[%emt
00:00:08]} 2. Nf3 {[%clk 00:55:23]} {[%emt 00:00:05]} Nc6 {[%clk 00:55:16]}
{[%emt 00:00:08]} 3. Bc4 {[%clk 00:55:24]} {[%emt 00:00:06]} Nf6 {[%clk
00:55:16]} {[%emt 00:00:12]} 4. Nc3 {[%clk 00:55:20]} {[%emt 00:00:14]} Nxe4
{[%clk 00:55:07]} {[%emt 00:00:19]} 5. Bxf7+ {[%clk 00:54:27]} {[%emt
00:01:03]} Kxf7 {[%clk 00:55:06]} {[%emt 00:00:11]} 6. Nxe4 {[%clk 00:54:33]}
{[%emt 00:00:04]} d5 {[%emt 00:00:20]} 7. Ng3 {[%clk 00:52:58]} {[%emt
00:01:43]} e4 {[%clk 00:52:36]} {[%emt 00:02:31]} 8. Ng1 {[%clk 00:50:37]}
{[%emt 00:02:32]} Be6 {[%clk 00:50:43]} {[%emt 00:02:03]} 9. d3 {[%clk
00:49:10]} {[%emt 00:01:37]} Qh4 {[%clk 00:49:16]} {[%emt 00:01:37]} 10. dxe4
{[%clk 00:46:52]} {[%emt 00:02:29]} dxe4 {[%clk 00:49:06]} {[%emt 00:00:20]} 11.
a3 {[%clk 00:45:40]} {[%emt 00:01:22]} Rd8 {[%clk 00:48:02]} {[%emt 00:01:12]}
12. Bd2 {[%clk 00:43:40]} {[%emt 00:02:11]} Bc5 {[%clk 00:44:54]} {[%emt
00:03:18]} 13. Qc1 {[%clk 00:38:38]} {[%emt 00:05:11]} h6 {[%clk 00:33:36]}
{[%emt 00:11:29]} 14. N1e2 {[%clk 00:37:21]} {[%emt 00:01:26]} Rhf8 {[%clk
00:28:20]} {[%emt 00:05:21]} 15. O-O {[%clk 00:34:44]} {[%emt 00:02:53]} Kg8
{[%clk 00:28:02]} {[%emt 00:00:28]} 16. Be3 {[%clk 00:33:08]} {[%emt 00:01:43]}
Bd6 {[%clk 00:26:48]} {[%emt 00:01:27]} 17. Nd4 {[%clk 00:27:46]} {[%emt
00:05:32]} Nxd4 {[%clk 00:23:26]} {[%emt 00:03:32]} 18. Bxd4 {[%emt 00:00:09]}
Rf7 {[%clk 00:22:54]} {[%emt 00:00:39]} 19. Qe3 {[%clk 00:23:27]} {[%emt
00:04:32]} Rdf8 {[%clk 00:21:58]} {[%emt 00:01:07]} 20. Bc5 {[%clk 00:21:36]}
{[%emt 00:02:01]} Bf4 {[%clk 00:19:19]} {[%emt 00:02:49]} 21. Qc3 {[%clk
00:16:03]} {[%emt 00:05:43]} Re8 {[%clk 00:17:57]} {[%emt 00:01:32]} 22. Rad1
{[%clk 00:13:27]} {[%emt 00:02:44]} Rf5 {[%clk 00:17:04]} {[%emt 00:01:04]} 23.
h3 {[%clk 00:12:03]} {[%emt 00:01:36]} Rg5 {[%clk 00:15:29]} {[%emt 00:01:42]}
24. Nxe4 {[%clk 00:09:59]} {[%emt 00:02:16]} Bh2+ {[%clk 00:09:16]} {[%emt
00:06:23]} 25. Kxh2 {[%clk 00:08:56]} {[%emt 00:01:13]} Qxe4 {[%clk 00:09:19]}
{[%emt 00:00:07]} 26. Rg1 {[%clk 00:08:26]} {[%emt 00:00:40]} Bd5 {[%clk
00:08:55]} {[%emt 00:00:34]} 27. g3 {[%clk 00:06:10]} {[%emt 00:02:27]} Re6
{[%clk 00:07:51]} {[%emt 00:01:07]} 28. Rde1 {[%clk 00:05:44]} {[%emt
00:00:42]} Qf5 {[%clk 00:07:38]} {[%emt 00:00:23]} 29. Rxe6 {[%clk 00:05:46]}
{[%emt 00:00:09]} Bxe6 {[%clk 00:07:08]} {[%emt 00:00:40]} 30. g4 {[%clk
00:05:51]} {[%emt 00:00:05]} Qxc5 {[%clk 00:07:04]} {[%emt 00:00:13]} 31. Qxc5
{[%clk 00:05:33]} {[%emt 00:00:28]} Rxc5 {[%clk 00:07:11]} {[%emt 00:00:04]} 32.
c3 {[%clk 00:05:31]} {[%emt 00:00:12]} Re5 {[%clk 00:07:09]} {[%emt 00:00:11]}
33. Kg3 {[%clk 00:05:20]} {[%emt 00:00:21]} g5 {[%clk 00:07:02]} {[%emt
00:00:16]} 34. Rd1 {[%clk 00:05:07]} {[%emt 00:00:24]} Re2 {[%clk 00:06:16]}
{[%emt 00:00:56]} 35. Rd8+ {[%clk 00:04:44]} {[%emt 00:00:32]} Kf7 {[%clk
00:05:58]} {[%emt 00:00:27]} 36. Rh8 {[%clk 00:04:44]} {[%emt 00:00:12]} Kg7
{[%clk 00:06:02]} {[%emt 00:00:05]} 37. Ra8 {[%clk 00:04:50]} {[%emt 00:00:05]}
a6 {[%clk 00:05:49]} {[%emt 00:00:23]} 38. b4 {[%clk 00:04:54]} {[%emt
00:00:06]} Rc2 {[%clk 00:05:46]} {[%emt 00:00:13]} 39. Ra7 {[%clk 00:05:00]}
{[%emt 00:00:04]} Rxc3+ {[%clk 00:05:49]} {[%emt 00:00:08]} 40. Kg2 {[%clk
00:05:08]} {[%emt 00:00:14]} Rxa3 {[%clk 00:06:01]} {[%emt 00:00:10]} 0-1

[Event "ABC 2025 Groep C"]
[Site "Utrecht"]
[Date "2025.03.16"]
[Round "5.7"]
[White "Okita, Shinsaku"]
[Black "Nair, Pranav Prasobh"]
[Result "1-0"]
[WhiteFideId "8910748"]
[BlackFideId "9062295"]
[WhiteElo "1860"]
[BlackElo "1768"]

1. e4 {[%clk 00:55:19]} {[%emt 00:00:01]} e5 {[%clk 00:55:14]} {[%emt
00:00:05]} 2. Nf3 {[%clk 00:55:25]} {[%emt 00:00:04]} Nc6 {[%clk 00:55:15]}
{[%emt 00:00:09]} 3. d4 {[%clk 00:55:32]} {[%emt 00:00:04]} exd4 {[%clk
00:55:19]} {[%emt 00:00:06]} 4. Nxd4 {[%clk 00:55:38]} {[%emt 00:00:04]} Nf6
{[%clk 00:55:22]} {[%emt 00:00:07]} 5. Nxc6 {[%clk 00:55:40]} {[%emt 00:00:07]}
bxc6 {[%clk 00:55:27]} {[%emt 00:00:06]} 6. e5 {[%clk 00:55:44]} {[%emt
00:00:06]} Qe7 {[%clk 00:55:24]} {[%emt 00:00:13]} 7. Qe2 {[%clk 00:55:15]}
{[%emt 00:00:39]} Nd5 {[%clk 00:55:17]} {[%emt 00:00:17]} 8. h4 {[%clk
00:54:44]} {[%emt 00:00:41]} Qe6 {[%clk 00:54:57]} {[%emt 00:00:30]} 9. c4
{[%clk 00:54:03]} {[%emt 00:00:52]} Nb6 {[%clk 00:54:59]} {[%emt 00:00:07]} 10.
Nd2 {[%clk 00:50:39]} {[%emt 00:03:33]} a5 {[%clk 00:51:18]} {[%emt 00:03:51]}
11. b3 {[%clk 00:50:40]} {[%emt 00:00:10]} a4 {[%clk 00:50:45]} {[%emt
00:00:43]} 12. Bb2 {[%clk 00:50:36]} {[%emt 00:00:15]} axb3 {[%clk 00:49:59]}
{[%emt 00:00:54]} 13. axb3 {[%clk 00:50:40]} {[%emt 00:00:07]} Rxa1+ {[%clk
00:49:57]} {[%emt 00:00:11]} 14. Bxa1 {[%clk 00:50:45]} {[%emt 00:00:06]} Bb4
{[%clk 00:49:10]} {[%emt 00:00:57]} 15. g3 {[%clk 00:49:41]} {[%emt 00:01:13]}
O-O {[%clk 00:48:20]} {[%emt 00:01:00]} 16. Bh3 {[%clk 00:48:55]} {[%emt
00:00:57]} Qe7 {[%clk 00:47:09]} {[%emt 00:01:21]} 17. O-O {[%clk 00:48:16]}
{[%emt 00:00:49]} d6 {[%clk 00:44:48]} {[%emt 00:02:30]} 18. Bg2 {[%clk
00:47:05]} {[%emt 00:01:22]} c5 {[%clk 00:42:39]} {[%emt 00:02:19]} 19. f4
{[%clk 00:42:34]} {[%emt 00:04:41]} Rd8 {[%clk 00:40:47]} {[%emt 00:02:01]} 20.
Nf3 {[%clk 00:39:33]} {[%emt 00:03:11]} c6 {[%clk 00:39:33]} {[%emt 00:01:24]}
21. Qc2 {[%clk 00:35:00]} {[%emt 00:04:43]} d5 {[%clk 00:33:54]} {[%emt
00:05:50]} 22. f5 {[%clk 00:31:55]} {[%emt 00:03:14]} d4 {[%clk 00:32:27]}
{[%emt 00:01:37]} 23. Qd3 {[%clk 00:29:06]} {[%emt 00:02:59]} Nd7 {[%clk
00:28:45]} {[%emt 00:03:53]} 24. f6 {[%clk 00:27:01]} {[%emt 00:02:15]} gxf6
{[%clk 00:25:37]} {[%emt 00:03:18]} 25. exf6 {[%clk 00:20:29]} {[%emt
00:06:42]} Nxf6 {[%clk 00:24:30]} {[%emt 00:01:17]} 26. Kh1 {[%clk 00:17:49]}
{[%emt 00:02:51]} Ne4 {[%clk 00:21:28]} {[%emt 00:03:11]} 27. Ne5 {[%clk
00:12:17]} {[%emt 00:05:42]} Qxe5 {[%clk 00:20:04]} {[%emt 00:01:34]} 28. Bxe4
{[%clk 00:11:50]} {[%emt 00:00:36]} f5 {[%clk 00:18:40]} {[%emt 00:01:34]} 29.
Bxf5 {[%clk 00:10:26]} {[%emt 00:01:35]} Bxf5 {[%clk 00:18:32]} {[%emt
00:00:18]} 30. Rxf5 {[%clk 00:10:27]} {[%emt 00:00:09]} Qe3 {[%clk 00:17:41]}
{[%emt 00:01:01]} 31. Rg5+ {[%clk 00:09:14]} {[%emt 00:01:23]} Qxg5 {[%clk
00:14:14]} {[%emt 00:03:36]} 32. hxg5 {[%clk 00:09:18]} {[%emt 00:00:06]} Re8
{[%clk 00:14:05]} {[%emt 00:00:19]} 33. Bxd4 {[%clk 00:08:50]} {[%emt
00:00:39]} cxd4 {[%clk 00:13:39]} {[%emt 00:00:35]} 34. Qxd4 {[%clk 00:08:33]}
{[%emt 00:00:28]} c5 {[%clk 00:13:33]} {[%emt 00:00:17]} 35. Qd5+ {[%clk
00:08:05]} {[%emt 00:00:36]} Kf8 {[%clk 00:13:08]} {[%emt 00:00:36]} 36. Qf5+
{[%clk 00:07:33]} {[%emt 00:00:40]} Kg8 {[%clk 00:13:06]} {[%emt 00:00:14]} 37.
g6 {[%clk 00:07:29]} {[%emt 00:00:11]} hxg6 {[%clk 00:12:56]} {[%emt 00:00:22]}
38. Qxg6+ {[%clk 00:07:30]} {[%emt 00:00:10]} Kf8 {[%clk 00:13:01]} {[%emt
00:00:05]} 39. Kh2 {[%clk 00:07:17]} {[%emt 00:00:21]} Re7 {[%clk 00:13:01]}
{[%emt 00:00:12]} 40. g4 {[%clk 00:06:20]} {[%emt 00:01:07]} Rg7 {[%clk
00:12:59]} {[%emt 00:00:12]} 41. Qf6+ {[%clk 00:06:05]} {[%emt 00:00:23]} Kg8
{[%clk 00:13:00]} {[%emt 00:00:11]} 42. g5 {[%clk 00:06:11]} {[%emt 00:00:04]}
Kh7 {[%clk 00:12:21]} {[%emt 00:00:49]} 43. Kh3 {[%clk 00:05:48]} {[%emt
00:00:33]} Rg6 {[%clk 00:10:45]} {[%emt 00:01:46]} 44. Qf7+ {[%clk 00:05:10]}
{[%emt 00:00:49]} Rg7 {[%clk 00:10:49]} {[%emt 00:00:06]} 45. Qf5+ {[%clk
00:05:10]} {[%emt 00:00:10]} Kh8 {[%clk 00:10:48]} {[%emt 00:00:09]} 46. g6
{[%clk 00:05:04]} {[%emt 00:00:17]} Rg8 {[%clk 00:10:05]} {[%emt 00:00:53]} 47.
Qh5+ {[%clk 00:05:06]} {[%emt 00:00:08]} Kg7 {[%clk 00:10:08]} {[%emt
00:00:06]} 48. Qh7+ {[%clk 00:05:14]} {[%emt 00:00:02]} Kf8 {[%clk 00:10:10]}
{[%emt 00:00:08]} 49. Qf7# {[%clk 00:05:11]} {[%emt 00:00:14]} 1-0

[Event "ABC 2025 Groep C"]
[Site "Utrecht"]
[Date "2025.03.16"]
[Round "5.8"]
[White "Bajnath, Dhanesh"]
[Black "Hagen, Maurits"]
[Result "1-0"]
[WhiteFideId "9005634"]
[BlackFideId "8829205"]
[WhiteElo "1792"]
[BlackElo "1685"]

1. e4 {[%clk 00:55:19]} {[%emt 13:12:54]} e5 {[%clk 00:55:10]} {[%emt
00:00:09]} 2. Nf3 {[%clk 00:55:26]} {[%emt 00:00:03]} Nc6 {[%clk 00:55:10]}
{[%emt 00:00:10]} 3. d4 {[%clk 00:55:36]} {[%emt 00:00:01]} exd4 {[%clk
00:55:10]} {[%emt 00:00:09]} 4. Nxd4 {[%clk 00:55:46]} Qh4 {[%clk 00:54:53]}
{[%emt 00:00:28]} 5. Nc3 {[%clk 00:55:40]} {[%emt 00:00:16]} Bb4 {[%clk
00:54:10]} {[%emt 00:00:53]} 6. Qd3 {[%clk 00:52:47]} {[%emt 00:03:01]} Nf6
{[%clk 00:48:00]} {[%emt 00:06:21]} 7. Nxc6 {[%clk 00:42:22]} {[%emt 00:10:35]}
Bxc3+ {[%clk 00:46:02]} {[%emt 00:02:09]} 8. bxc3 {[%clk 00:40:24]} {[%emt
00:02:08]} dxc6 {[%clk 00:45:58]} {[%emt 00:00:13]} 9. e5 {[%clk 00:38:20]}
{[%emt 00:02:15]} Ng4 {[%clk 00:39:21]} {[%emt 00:06:46]} 10. Qe2 {[%clk
00:34:48]} {[%emt 00:03:41]} O-O {[%clk 00:36:43]} {[%emt 00:02:50]} 11. g3
{[%clk 00:33:46]} {[%emt 00:01:11]} Qd8 {[%clk 00:36:01]} {[%emt 00:00:52]} 12.
f4 {[%clk 00:31:20]} {[%emt 00:02:35]} Qd5 {[%clk 00:31:06]} {[%emt 00:05:07]}
13. Bg2 {[%clk 00:30:03]} {[%emt 00:01:27]} Qc5 {[%clk 00:31:04]} {[%emt
00:00:11]} 14. Qf3 {[%clk 00:15:29]} {[%emt 00:14:42]} Rd8 {[%clk 00:29:17]}
{[%emt 00:01:59]} 15. h3 {[%clk 00:12:04]} {[%emt 00:03:36]} Nf2 {[%clk
00:27:51]} {[%emt 00:01:35]} 16. Be3 {[%clk 00:11:03]} {[%emt 00:01:11]} Qxc3+
{[%clk 00:25:45]} {[%emt 00:02:17]} 17. Kxf2 {[%clk 00:10:37]} {[%emt
00:00:35]} Qxc2+ {[%clk 00:25:40]} {[%emt 00:00:15]} 18. Qe2 {[%clk 00:10:06]}
{[%emt 00:00:40]} Qxe2+ {[%clk 00:23:49]} {[%emt 00:02:03]} 19. Kxe2 {[%clk
00:10:14]} {[%emt 00:00:02]} Be6 {[%clk 00:23:37]} {[%emt 00:00:22]} 20. Rhb1
{[%clk 00:09:07]} {[%emt 00:01:16]} Bc4+ {[%clk 00:22:27]} {[%emt 00:01:21]} 21.
Kf2 {[%clk 00:09:04]} {[%emt 00:00:11]} Bb5 {[%clk 00:21:51]} {[%emt 00:00:48]}
22. Rd1 {[%clk 00:07:44]} {[%emt 00:01:29]} a6 {[%clk 00:20:44]} {[%emt
00:01:18]} 23. Rxd8+ {[%clk 00:06:19]} {[%emt 00:01:35]} Rxd8 {[%clk 00:20:52]}
{[%emt 00:00:01]} 24. a4 {[%clk 00:05:50]} {[%emt 00:00:39]} Bc4 {[%clk
00:18:45]} {[%emt 00:02:17]} 25. Rb1 {[%clk 00:05:43]} {[%emt 00:00:18]} b6
{[%clk 00:16:48]} {[%emt 00:02:07]} 26. Rc1 {[%clk 00:03:09]} {[%emt 00:02:44]}
b5 {[%clk 00:16:23]} {[%emt 00:00:34]} 27. Bxc6 {[%clk 00:03:02]} {[%emt
00:00:17]} g6 {[%clk 00:16:02]} {[%emt 00:00:32]} 28. axb5 {[%clk 00:02:06]}
{[%emt 00:01:06]} axb5 {[%clk 00:16:11]} {[%emt 00:00:02]} 29. Rb1 {[%clk
00:02:07]} {[%emt 00:00:08]} Rb8 {[%clk 00:14:19]} {[%emt 00:02:01]} 30. Ba7
{[%clk 00:02:02]} {[%emt 00:00:16]} Rd8 {[%clk 00:14:21]} {[%emt 00:00:08]} 31.
Bxb5 {[%clk 00:01:33]} {[%emt 00:00:39]} Rd2+ {[%clk 00:13:48]} {[%emt
00:00:42]} 32. Kf3 {[%clk 00:00:46]} {[%emt 00:00:50]} Rd3+ {[%clk 00:13:25]}
{[%emt 00:00:42]} 33. Be3 {[%clk 00:00:17]} {[%emt 00:00:39]} Bd5+ {[%clk
00:12:54]} {[%emt 00:00:40]} 34. Ke2 {[%clk 00:00:15]} {[%emt 00:00:12]} Ra3
{[%clk 00:12:45]} {[%emt 00:00:17]} 35. Bd3 {[%clk 00:00:15]} {[%emt 00:00:12]}
Ra2+ {[%clk 00:12:08]} {[%emt 00:00:46]} 36. Bd2 {[%clk 00:00:17]} {[%emt
00:00:09]} c5 {[%clk 00:12:10]} {[%emt 00:00:07]} 37. Rb8+ {[%clk 00:00:16]}
{[%emt 00:00:11]} Kg7 {[%clk 00:12:10]} {[%emt 00:00:10]} 38. Rc8 {[%clk
00:00:24]} {[%emt 00:00:03]} Be6 {[%clk 00:11:25]} {[%emt 00:00:55]} 39. Rxc5
{[%clk 00:00:16]} {[%emt 00:00:17]} Bxh3 {[%clk 00:11:28]} {[%emt 00:00:07]} 40.
Rc2 {[%clk 00:00:14]} {[%emt 00:00:14]} Ra3 {[%clk 00:11:01]} {[%emt 00:00:32]}
41. Rc3 {[%clk 00:00:16]} {[%emt 00:00:12]} Ra8 {[%clk 00:10:09]} {[%emt
00:01:01]} 42. Rc7 {[%clk 00:00:19]} {[%emt 00:00:07]} Rd8 {[%clk 00:09:45]}
{[%emt 00:00:33]} 43. Bc4 {[%clk 00:00:12]} {[%emt 00:00:18]} Bd7 {[%clk
00:07:47]} {[%emt 00:02:08]} 44. Bc3 {[%clk 00:00:12]} {[%emt 00:00:10]} Kg8
{[%clk 00:07:28]} {[%emt 00:00:29]} 45. Ke3 {[%clk 00:00:12]} {[%emt 00:00:10]}
h5 {[%clk 00:07:10]} {[%emt 00:00:28]} 46. e6 {[%clk 00:00:14]} {[%emt
00:00:09]} fxe6 {[%clk 00:06:49]} {[%emt 00:00:31]} 47. Rxd7 {[%clk 00:00:17]}
{[%emt 00:00:07]} Rxd7 {[%clk 00:06:16]} {[%emt 00:00:43]} 48. Bxe6+ {[%clk
00:00:25]} {[%emt 00:00:01]} Kh7 {[%clk 00:06:18]} {[%emt 00:00:09]} 49. Bxd7
{[%clk 00:00:31]} {[%emt 00:00:04]} Kg8 {[%emt 00:00:23]} 50. Be6+ {[%emt
00:00:26]} Kh7 {[%emt 00:00:02]} 51. Bd7 {[%clk 00:55:10]} 1-0

[Event "ABC 2025 Groep C"]
[Site "Utrecht"]
[Date "2025.03.16"]
[Round "5.9"]
[White "De Wit, Jim"]
[Black "Langeveld, Jonathan"]
[Result "0-1"]
[WhiteFideId "8935938"]
[BlackFideId "8860313"]
[WhiteElo "1708"]
[BlackElo "1791"]

1. e4 {[%clk 00:55:09]} {[%emt 00:00:23]} d5 {[%clk 00:55:24]} {[%emt
00:00:05]} 2. exd5 {[%clk 00:55:15]} {[%emt 00:00:05]} Nf6 {[%clk 00:55:27]}
{[%emt 00:00:05]} 3. d4 {[%clk 00:55:18]} {[%emt 00:00:08]} Bg4 {[%clk
00:55:33]} {[%emt 00:00:04]} 4. f3 {[%clk 00:54:53]} {[%emt 00:00:35]} Bf5
{[%clk 00:55:39]} {[%emt 00:00:05]} 5. c4 {[%clk 00:54:48]} {[%emt 00:00:14]}
e6 {[%clk 00:55:44]} {[%emt 00:00:04]} 6. dxe6 {[%clk 00:53:06]} {[%emt
00:01:53]} Nc6 {[%clk 00:55:49]} {[%emt 00:00:05]} 7. exf7+ {[%clk 00:49:30]}
{[%emt 00:03:46]} Kxf7 {[%clk 00:55:53]} {[%emt 00:00:06]} 8. Be3 {[%clk
00:49:09]} {[%emt 00:00:32]} Bb4+ {[%clk 00:55:49]} {[%emt 00:00:13]} 9. Nc3
{[%clk 00:48:59]} {[%emt 00:00:19]} Re8 {[%clk 00:55:55]} {[%emt 00:00:05]} 10.
Kf2 {[%clk 00:48:17]} {[%emt 00:00:52]} Qe7 {[%clk 00:55:24]} {[%emt 00:00:41]}
11. Qd2 {[%clk 00:46:48]} {[%emt 00:01:39]} Rad8 {[%clk 00:55:28]} {[%emt
00:00:07]} 12. Re1 {[%clk 00:44:13]} {[%emt 00:02:43]} Ne5 {[%clk 00:53:28]}
{[%emt 00:02:11]} 13. h3 {[%clk 00:41:32]} {[%emt 00:02:52]} c5 {[%clk
00:49:44]} {[%emt 00:03:53]} 14. d5 {[%clk 00:40:07]} {[%emt 00:01:35]} b5
{[%clk 00:48:27]} {[%emt 00:01:27]} 15. Bf4 {[%clk 00:34:16]} {[%emt 00:06:00]}
Qc7 {[%clk 00:43:56]} {[%emt 00:04:42]} 16. Be2 {[%clk 00:25:30]} {[%emt
00:08:55]} bxc4 {[%clk 00:43:50]} {[%emt 00:00:17]} 17. Bxe5 {[%clk 00:17:49]}
{[%emt 00:07:50]} Qxe5 {[%clk 00:41:21]} {[%emt 00:02:40]} 18. Bxc4 {[%clk
00:17:45]} {[%emt 00:00:14]} Qxe1+ {[%clk 00:41:30]} {[%emt 00:00:01]} 19. Qxe1
{[%clk 00:17:37]} {[%emt 00:00:18]} Rxe1 {[%emt 00:00:03]} 20. Kxe1 {[%clk
00:17:20]} {[%emt 00:00:26]} Nxd5 {[%emt 00:00:16]} 21. Kf2 {[%clk 00:17:00]}
{[%emt 00:00:27]} Bxc3 {[%clk 00:41:18]} {[%emt 00:00:28]} 22. bxc3 {[%clk
00:16:58]} {[%emt 00:00:12]} Kf6 {[%clk 00:41:09]} {[%emt 00:00:18]} 23. Ne2
{[%clk 00:16:54]} {[%emt 00:00:13]} Nb6 {[%clk 00:41:09]} {[%emt 00:00:11]} 24.
Bb5 {[%clk 00:16:17]} {[%emt 00:00:47]} Rd2 {[%clk 00:40:50]} {[%emt 00:00:29]}
25. Ra1 {[%clk 00:15:14]} {[%emt 00:01:13]} c4 {[%clk 00:38:42]} {[%emt
00:02:18]} 26. Ke3 {[%clk 00:14:05]} {[%emt 00:01:18]} Rb2 {[%clk 00:38:00]}
{[%emt 00:00:53]} 27. a4 {[%clk 00:11:48]} {[%emt 00:02:28]} Ke5 {[%clk
00:37:58]} {[%emt 00:00:11]} 28. f4+ {[%clk 00:10:44]} {[%emt 00:01:14]} Kd6
{[%clk 00:37:23]} {[%emt 00:00:45]} 29. Rd1+ {[%clk 00:09:43]} {[%emt
00:01:10]} Kc5 {[%clk 00:35:07]} {[%emt 00:02:26]} 30. Ng3 {[%clk 00:09:10]}
{[%emt 00:00:43]} Bd3 {[%clk 00:32:55]} {[%emt 00:02:22]} 31. Rd2 {[%clk
00:08:15]} {[%emt 00:01:06]} Nd5+ {[%clk 00:32:52]} {[%emt 00:00:13]} 0-1